MARC

LEADER 00000nab a2200000 4500
001 vtls012064441
003 SK-MaSNL
005 20260318115117.0
008 210804c2019 xo er|n || ||00 c0ukr
015 |a SNBRB2021/08 
038 |a SVKPOCL 
040 |a SVKPOCL  |b slo  |c SVKPOCL  |e rda 
041 0 |a ukr 
043 |a e-xo--- 
044 |a xo  |c SK 
072 7 |a 316.7  |x Sociológia kultúry. Kultúrny život  |2 konspekt 
072 7 |a 398  |x Folklór  |2 konspekt 
072 7 |a 394  |x Verejný a spoločenský život. Každodenný život  |2 konspekt 
080 |a 398.332.33  |2 2011 
080 |a (437.671)  |2 2011 
080 |a 394.2/.7  |2 2011 
080 |a 784.4:394.2:398  |2 2011 
080 |a 316.022.4(=161.25)  |2 2011 
080 |a 394:398  |2 2011 
080 |a 398.33(437.6)(=161.25)  |2 1981 
080 |a (=161.25)  |2 2011 
100 1 |a Kerekanič, Miroslav,  |d 1961-  |4 aut  |9 357231 
245 1 0 |a Navertannja do tradicij  |c M. Kerekanič 
336 |a text  |b txt  |2 rdacontent 
337 |a bez média  |b n  |2 rdamedia 
338 |a zväzok  |b nc  |2 rdacarrier 
500 |a V rubrike Informačnўj servis - Z domova i zo svita 
500 |a Zornica (ženská spevácka skupina : Humenné, Slovensko) pozri FSS Trio Zornica (folklórno-spevácke trio : Humenné, Slovensko) 
600 1 7 |a Džubák, Ľudovít  |2 svkpocl  |9 1288532 
600 1 7 |a Marinčáková, Vanda,  |d 2006-  |2 svkpocl  |9 1603766 
600 1 7 |a Kvašná, Ľudmila  |2 svkpocl  |9 1603717 
600 1 7 |a Volochová, Tamara  |2 svkpocl  |9 1603767 
600 1 7 |a Chomová, Miroslava  |2 svkpocl  |9 1603768 
610 2 7 |a Rusínska obroda (Prešov, Slovensko)  |2 SNKKA  |9 33300 
610 2 7 |a Hotel Merrys (Humenné, Slovensko)  |2 svkpocl  |9 1603769 
610 2 7 |a Chemlon (folklórny súbor)  |2 SNKKA  |9 36222 
610 2 7 |a Chemloňáčik (detský folklórny súbor : Humenné, Slovensko)  |2 svkpocl  |9 1505031 
610 2 7 |a Hačure (mužská spevácka skupina : Ptičie, Slovensko)  |2 svkpocl  |9 1592637 
610 2 7 |a Bosoročky (spevácka skupina)  |2 svkpocl  |9 177719 
610 2 7 |a FSS Trio Zornica (folklórno-spevácke trio : Humenné, Slovensko)  |2 svkpocl  |9 1325631 
611 2 7 |a Návrat k tradíciám - Dožinky  |d (2019 :  |c Humenné, Slovensko)  |2 svkpocl  |9 1603770 
648 7 |a 2019  |2 svkpocl  |9 350886 
650 0 7 |a Rusíni  |2 SNKPH  |9 4087 
650 0 7 |a slávnosti  |2 SNKPH  |9 30036 
650 0 7 |a koncerty  |2 SNKPH  |9 19182 
650 0 7 |a dožinky  |2 SNKPH  |9 30857 
650 0 7 |a ľudové zvyky  |2 SNKPH  |9 66558 
650 0 7 |a ľudové tradície  |2 SNKPH  |9 4960 
650 0 7 |a kultúrne podujatia  |2 SNKPH  |9 71676 
651 7 |a Humenné (Slovensko)  |2 SNKPHgeo  |9 19199 
773 0 |t NN info Rusyn  |g Roč. XVI (28), č. 17 (2019), s. 4  |x 2454-0013 
852 |a SVKPO  |b KIS3GCP 
856 4 2 |y Elektronická verzia informačného dvojtýždenníka je na: http://www.rusyn.sk 
958 |a RN 
958 |a SS 
958 |a BX 
958 |a SK 
958 |a NM 
999 |c 3304313  |d 3306243